<?xml version="1.0" encoding="UTF-8"?>
<marc:record xmlns:marc="http://www.loc.gov/MARC21/slim">
   <marc:leader>00000nam a2200000 a 4500</marc:leader>
   <marc:datafield ind1="1" ind2=" " tag="100">
      <marc:subfield code="a">Rüegger, Lotta</marc:subfield>
      <marc:subfield code="4">aut</marc:subfield>
      <marc:subfield code="e">Verfasser/-in</marc:subfield>
   </marc:datafield>
   <marc:datafield ind1="1" ind2=" " tag="100">
      <marc:subfield code="a">Wolandt, Holger</marc:subfield>
      <marc:subfield code="4">aut</marc:subfield>
      <marc:subfield code="e">Verfasser/-in</marc:subfield>
   </marc:datafield>
   <marc:datafield ind1=" " ind2=" " tag="653">
      <marc:subfield code="a">Djurgården</marc:subfield>
   </marc:datafield>
   <marc:datafield ind1=" " ind2=" " tag="653">
      <marc:subfield code="a">Uppsala</marc:subfield>
   </marc:datafield>
   <marc:datafield ind1=" " ind2=" " tag="653">
      <marc:subfield code="a">Stockholm</marc:subfield>
   </marc:datafield>
   <marc:datafield ind1=" " ind2=" " tag="653">
      <marc:subfield code="a">Schweden</marc:subfield>
   </marc:datafield>
   <marc:datafield ind1=" " ind2=" " tag="653">
      <marc:subfield code="a">Reiseführer</marc:subfield>
   </marc:datafield>
   <marc:datafield ind1=" " ind2=" " tag="653">
      <marc:subfield code="a">Softcover / Reiseführer/Europa</marc:subfield>
   </marc:datafield>
   <marc:datafield ind1=" " ind2=" " tag="653">
      <marc:subfield code="a">Führer</marc:subfield>
   </marc:datafield>
   <marc:datafield ind1="0" ind2="0" tag="245">
      <marc:subfield code="a">Stockholm</marc:subfield>
   </marc:datafield>
   <marc:datafield ind1="0" ind2="0" tag="245">
      <marc:subfield code="b">mit Extra-Karte</marc:subfield>
   </marc:datafield>
   <marc:datafield ind1="0" ind2="0" tag="245">
      <marc:subfield code="c">Charlotta Rüegger ; Holger Wolandt</marc:subfield>
   </marc:datafield>
   <marc:datafield ind1=" " ind2="1" tag="264">
      <marc:subfield code="a">München</marc:subfield>
      <marc:subfield code="b">Travel-House-Media</marc:subfield>
      <marc:subfield code="c">2015</marc:subfield>
   </marc:datafield>
   <marc:datafield ind1="1" ind2=" " tag="490">
      <marc:subfield code="a">Merian live!</marc:subfield>
   </marc:datafield>
   <marc:datafield ind1=" " ind2=" " tag="250">
      <marc:subfield code="a">1. Aufl.</marc:subfield>
   </marc:datafield>
   <marc:datafield ind1="1" ind2=" " tag="520">
      <marc:subfield code="a">Angaben aus der Verlagsmeldung

Stockholm : MERIAN live! - Mit Extra-Karte zum Herausnehmen / von Holger Wolandt, Charlotta Rüegger

Theater, Musik und Museen, tausende kleine Inseln und enge Gassen, ein Vergnügungspark, eine Galeone und ein wahrhaftiges Schloss mit König und Königin - klingt wie im Märchen? Besser: Stockholm! Gleich mehrere Stadtteile buhlen um die Gunst des besten Shoppingquartiers, geschmackvoll ist es überall. Djurgården als Nationalpark liegt mitten in der Stadt, Cafés und Gartenlokale sind chic und einladend. Und die einzigartige Lage am Wasser macht Stockholm unvergleichlich.

Kompakt und übersichtlich bietet MERIAN live! alles Wissenswerte für einen gelungenen Aufenthalt in Stockholm:
- MERIAN-TopTen: Die 10 wichtigsten Sehenswürdigkeiten auf einen Blick
- MERIAN-TopTen 360°: Umgebungskarten mit ausgewählten MERIAN-TopTen und umliegenden Kultur-,
Restaurant- und Shoppingadressen
- Mit 10 MERIAN-Tipps die weniger bekannten Seiten der Stadt entdecken
- FotoTipps für lohnenswerte Motive
- Fundierte Beschreibungen aller wichtigen Orte, Sehenswürdigkeiten und Museen von A bis Z
- Empfehlungen für Übernachten, Essen und Trinken, Einkaufen, Ausgehen sowie Tipps für den
umweltbewussten Urlaub
- Zahlreiche Ideen für abwechslungsreiches Reisen mit Kindern
- Mit praktischer Extra-Karte zum Herausnehmen
</marc:subfield>
   </marc:datafield>
   <marc:datafield ind1=" " ind2=" " tag="020">
      <marc:subfield code="a">9783834219633</marc:subfield>
      <marc:subfield code="9">9783834219633</marc:subfield>
   </marc:datafield>
   <marc:datafield ind1=" " ind2=" " tag="020">
      <marc:subfield code="a">3834219630</marc:subfield>
      <marc:subfield code="9">3834219630</marc:subfield>
   </marc:datafield>
   <marc:datafield ind1=" " ind2=" " tag="041">
      <marc:subfield code="a">ger</marc:subfield>
   </marc:datafield>
   <marc:datafield ind1=" " ind2=" " tag="300">
      <marc:subfield code="a">128 S.</marc:subfield>
   </marc:datafield>
</marc:record>
